| 000 | 00875nam a2200241Ia 4500 | ||
|---|---|---|---|
| 003 | OSt | ||
| 005 | 20221005113023.0 | ||
| 006 | a|||||r|||| 00| 0 | ||
| 007 | ta | ||
| 008 | 221004b |||||||| |||| 00| 0 pan d | ||
| 020 |
_a9788171165438 (hbk) _c200 |
||
| 024 | _a104595 | ||
| 037 |
_b7830/III/A, 31/01/2011, Arsee Publishers _cTextual |
||
| 040 |
_aCRL _cCRL _bpan |
||
| 041 |
_2pan _apan |
||
| 082 | _aO44Q7,3:g, 153Q0 | ||
| 100 | _aਰਤਨਦੀਪ ਕੌਰ | ||
| 245 | 0 |
_aਪਾਕਿਸਤਾਨੀ ਪੰਜਾਬੀ ਕਹਾਣੀ _b ਆਲੋਚਨਾਤਮਕ ਅਧਿਐਨ |
|
| 260 |
_aਦਿੱਲੀ _bਨੈਨਲ ਬੁਕ ਾਪ ਭਾਰਤ _c2010 |
||
| 300 |
_a158ਪੰ _ccm. |
||
| 942 |
_hO44Q7,3:g, 153Q0 _cTEXL _2cc |
||
| 999 |
_c1026788 _d1026788 |
||